[Event "29th Rilton Cup"]
[Site "Stockholm SWE"]
[Date "1999.12.27"]
[Round "1.1"]
[White "Yakovich, Yury"]
[Black "Lehtinen, Heikki"]
[Result "1-0"]
[WhiteElo "2592"]
[BlackElo "2224"]
[EventDate "1999.12.27"]
[PlyCount "65"]

1.d4 g6 2.e4 Bg7 3.c4 d6 4.Nc3 e5 5.Nf3 exd4 6.Nxd4 Ne7 7.Be3 Nbc6 8.Nxc6 
bxc6 9.Bd4 f6 10.c5 d5 11.Be2 O-O 12.O-O Be6 13.Qa4 dxe4 14.Nxe4 Nf5 15.
Bc3 Bd5 16.Rfe1 Qe7 17.Ba6 Qd7 18.Rad1 Rad8 19.Ba5 Rfe8 20.Rxd5 cxd5 21.
Qxd7 Rxd7 22.Nxf6+ Bxf6 23.Rxe8+ Kf7 24.Rc8 Be5 25.g3 g5 26.Bb5 Re7 27.Bc6
Ke6 28.Rd8 Bxb2 29.Bxd5+ Kf6 30.Kf1 Bd4 31.c6 Nd6 32.Rxd6+ cxd6 33.c7 1-0

[Event "29th Rilton Cup"]
[Site "Stockholm SWE"]
[Date "1999.12.27"]
[Round "1.2"]
[White "Karlsson, Tomas"]
[Black "Sax, Gyula"]
[Result "1/2-1/2"]
[WhiteElo "2220"]
[BlackElo "2588"]
[EventDate "1999.12.27"]
[PlyCount "44"]

1.e4 c5 2.Nc3 Nc6 3.f4 g6 4.Nf3 Bg7 5.Bc4 e6 6.f5 Nge7 7.fxe6 fxe6 8.d3 d5
9.Bb3 b5 10.O-O c4 11.dxc4 dxc4 12.Qxd8+ Nxd8 13.Nxb5 cxb3 14.Nc7+ Kd7 15.
Nxa8 bxc2 16.Rf2 Bb7 17.Rd2+ Kc8 18.Rxc2+ Nec6 19.Bg5 Bxa8 20.Rac1 Kb8 21.
Bxd8 Rxd8 22.Rxc6 Bxb2 1/2-1/2

[Event "29th Rilton Cup"]
[Site "Stockholm SWE"]
[Date "1999.12.27"]
[Round "1.3"]
[White "Ulybin, Mikhail"]
[Black "Johansson, Gunnar"]
[Result "1-0"]
[WhiteElo "2569"]
[BlackElo "2212"]
[EventDate "1999.12.27"]
[PlyCount "105"]

1.d4 d5 2.c4 c6 3.Nf3 Nf6 4.Nc3 e6 5.g3 dxc4 6.Bg2 b5 7.O-O Be7 8.Ne5 Nd5 
9.a4 b4 10.Ne4 O-O 11.Nxc4 Nd7 12.Bf4 Nxf4 13.gxf4 Qc7 14.Ne5 Nxe5 15.fxe5
Bb7 16.Rc1 Rad8 17.e3 a5 18.Qg4 Kh8 19.Nc5 Bc8 20.f4 Bxc5 21.Rxc5 Bd7 22.
Qe2 f6 23.Rfc1 fxe5 24.Rxe5 Qd6 25.Be4 Be8 26.Qc4 Rf6 27.Qc5 Qd7 28.Qxa5 
Bg6 29.Bxc6 Qe7 30.Qc5 Qf7 31.Qb6 Rf8 32.Qb7 Rxf4 33.Qxf7 R4xf7 34.Rxe6 
Rf2 35.b3 Bf5 36.Re8 Rxe8 37.Bxe8 Re2 38.Rc5 Be6 39.Bb5 Rxe3 40.d5 Bf5 41.
d6 Bh3 42.d7 Bxd7 43.Bxd7 g6 44.Rb5 Rxb3 45.Be6 Rb1+ 46.Kf2 Kg7 47.a5 Ra1 
48.Bc4 Kf6 49.Ke3 Ke7 50.Kd4 Kd6 51.a6 Ra4 52.Rb6+ Kc7 53.Rb7+ 1-0

[Event "29th Rilton Cup"]
[Site "Stockholm SWE"]
[Date "1999.12.27"]
[Round "1.4"]
[White "Olsson, Anders"]
[Black "Volzhin, Alexander"]
[Result "0-1"]
[WhiteElo "2206"]
[BlackElo "2562"]
[EventDate "1999.12.27"]
[PlyCount "56"]

1.e4 c5 2.Nf3 e6 3.d4 cxd4 4.Nxd4 a6 5.Nc3 Qc7 6.g3 Nf6 7.Bg2 Be7 8.O-O 
O-O 9.f4 d6 10.Kh1 Nc6 11.Nb3 b5 12.a3 Bb7 13.g4 Rfe8 14.g5 Nd7 15.f5 Bf8 
16.fxe6 fxe6 17.g6 hxg6 18.Bg5 Be7 19.Bxe7 Rxe7 20.Qd2 Nde5 21.Qg5 Rae8 
22.Rf4 Rf7 23.Rh4 Qe7 24.Qg3 g5 25.Rh5 g4 26.Nd1 g6 27.Rh4 Ref8 28.c3 Rf3 
0-1

[Event "29th Rilton Cup"]
[Site "Stockholm SWE"]
[Date "1999.12.27"]
[Round "1.5"]
[White "Agrest, Evgenij"]
[Black "Helin, Mikael"]
[Result "1-0"]
[WhiteElo "2554"]
[BlackElo "2200"]
[EventDate "1999.12.27"]
[PlyCount "67"]

1.c4 g6 2.d4 Bg7 3.e4 d6 4.Nc3 Nc6 5.d5 Nd4 6.Be3 c5 7.Nge2 Qb6 8.Na4 Qa5+
9.Bd2 Qc7 10.Bc3 e5 11.dxe6 Nxe6 12.Bxg7 Nxg7 13.Nac3 Bd7 14.Qd2 Bc6 15.
O-O-O Rd8 16.g4 a6 17.f3 b5 18.Nf4 b4 19.Ncd5 Qa5 20.Kb1 Ne6 21.Ne2 h6 22.
h4 Ne7 23.f4 Nxd5 24.exd5 Bb7 25.f5 Nc7 26.fxg6 fxg6 27.Nf4 Rg8 28.Bd3 g5 
29.hxg5 hxg5 30.Rde1+ Kf7 31.Rh7+ Rg7 32.Rxg7+ Kxg7 33.Nh5+ Kh6 34.Qf2 1-0

[Event "29th Rilton Cup"]
[Site "Stockholm SWE"]
[Date "1999.12.27"]
[Round "1.6"]
[White "Johansson, Sune"]
[Black "Kempinski, Robert"]
[Result "0-1"]
[WhiteElo "2198"]
[BlackElo "2549"]
[EventDate "1999.12.27"]
[PlyCount "68"]

1.f4 c5 2.Nf3 Nc6 3.g3 d5 4.Bg2 Nf6 5.d3 e6 6.O-O Be7 7.Nc3 d4 8.Ne4 O-O 
9.c4 dxc3 10.bxc3 Nxe4 11.dxe4 Qa5 12.Qc2 Bd7 13.e5 Nd8 14.a4 Qa6 15.Bb2 
Nc6 16.e4 Na5 17.f5 Nc4 18.Bc1 f6 19.exf6 Bxf6 20.fxe6 Bxe6 21.Bf4 Rae8 
22.Rfe1 Kh8 23.Bf1 Qc6 24.Bd3 g6 25.Bxc4 Bxc4 26.Nd2 Bf7 27.e5 Bd8 28.Qe4 
Bd5 29.Qe3 c4 30.a5 b6 31.Ne4 bxa5 32.Rab1 Bc7 33.Qd4 Rb8 34.Rxb8 Rxb8 0-1

[Event "29th Rilton Cup"]
[Site "Stockholm SWE"]
[Date "1999.12.27"]
[Round "1.7"]
[White "Socko, Bartosz"]
[Black "Hallberg, Fredrik"]
[Result "1-0"]
[WhiteElo "2543"]
[BlackElo "2196"]
[EventDate "1999.12.27"]
[PlyCount "59"]

1.e4 c5 2.Nf3 d6 3.d4 cxd4 4.Nxd4 Nf6 5.Nc3 a6 6.f3 e5 7.Nb3 Be6 8.Be3 h5 
9.Qd2 Nbd7 10.O-O-O Rc8 11.Kb1 Be7 12.Nd5 Bxd5 13.exd5 Nb6 14.Qa5 Nc4 15.
Bxc4 Rxc4 16.Qd2 Qd7 17.Qd3 Rc8 18.Bf2 O-O 19.h3 Qa4 20.g4 Qc4 21.Na5 Qc7 
22.Qd2 hxg4 23.hxg4 Nxd5 24.Bg3 Nb6 25.Qh2 f6 26.Qh7+ Kf7 27.Qh5+ Kg8 28.
Qg6 f5 29.Qe6+ Rf7 30.Rd2 1-0

[Event "29th Rilton Cup"]
[Site "Stockholm SWE"]
[Date "1999.12.27"]
[Round "1.8"]
[White "Johansson, Viktoria"]
[Black "Macieja, Bartlomiej"]
[Result "0-1"]
[WhiteElo "2188"]
[BlackElo "2542"]
[EventDate "1999.12.27"]
[PlyCount "66"]

1.d4 Nf6 2.c4 e6 3.Nc3 Bb4 4.e3 c5 5.Bd3 O-O 6.Nf3 d5 7.O-O dxc4 8.Bxc4 
Nbd7 9.a3 cxd4 10.exd4 Bxc3 11.bxc3 Qc7 12.Qe2 b6 13.Ng5 Bb7 14.Bb2 Nd5 
15.Rac1 Nf4 16.Qc2 g6 17.g3 h6 18.Bb3 hxg5 19.gxf4 Qxf4 20.f3 Bxf3 21.Bxe6
Qe3+ 22.Rf2 Be4 23.Qe2 Qxe2 24.Rxe2 Bf3 25.Bxd7 Bxe2 26.Re1 Rfd8 27.Ba4 
Bc4 28.Re5 f6 29.Re7 b5 30.Bc2 Re8 31.Re4 Rxe4 32.Bxe4 Re8 33.Bf3 Re1+ 0-1

[Event "29th Rilton Cup"]
[Site "Stockholm SWE"]
[Date "1999.12.27"]
[Round "1.10"]
[White "Bergqvist, Mats"]
[Black "Ivanov, Sergei"]
[Result "0-1"]
[WhiteElo "2184"]
[BlackElo "2538"]
[EventDate "1999.12.27"]
[PlyCount "70"]

1.d4 d5 2.c4 e6 3.Nc3 c6 4.e3 Nf6 5.Nf3 Nbd7 6.Qc2 Bd6 7.Be2 O-O 8.O-O 
dxc4 9.Bxc4 b5 10.Be2 Bb7 11.Rd1 Qc7 12.Bd2 Rfe8 13.b4 e5 14.h3 a6 15.a3 
Re7 16.dxe5 Nxe5 17.Nd4 Ree8 18.e4 c5 19.bxc5 Bxc5 20.Bg5 Bxd4 21.Rxd4 
Nxe4 22.Bd2 Rac8 23.Rc1 Nxd2 24.Qxd2 Qc6 25.Qg5 h6 26.Qg3 Qc5 27.Rb4 Rc6 
28.Na2 Qd5 29.Rxc6 Nxc6 30.Nc3 Qd7 31.Rg4 f5 32.Rh4 Nd4 33.Bh5 Rd8 34.Qg6 
Qe7 35.Qb6 Qxh4 0-1

[Event "29th Rilton Cup"]
[Site "Stockholm SWE"]
[Date "1999.12.27"]
[Round "1.11"]
[White "Aakesson, Ralf"]
[Black "Handke, Harald"]
[Result "1-0"]
[WhiteElo "2535"]
[BlackElo "2170"]
[EventDate "1999.12.27"]
[PlyCount "63"]

1.Nf3 f5 2.d4 Nf6 3.g3 e6 4.Bg2 d5 5.O-O c6 6.b3 Bd6 7.Ba3 Bxa3 8.Nxa3 Qd6
9.Qc1 Nbd7 10.c4 O-O 11.Qb2 a5 12.Rac1 Ne4 13.Nc2 a4 14.Nce1 Qe7 15.Nd3 
Ng5 16.Nxg5 Qxg5 17.b4 Nf6 18.b5 Ne4 19.Ne5 f4 20.gxf4 Qxf4 21.e3 Qh6 22.
cxd5 exd5 23.bxc6 bxc6 24.Rxc6 Qh4 25.Qb5 Nd2 26.Qxd5+ Kh8 27.Rc2 Rb8 28.
Rxd2 Qf6 29.Nd7 Bxd7 30.Qxd7 a3 31.Qc6 Qe7 32.Qc5 1-0

[Event "29th Rilton Cup"]
[Site "Stockholm SWE"]
[Date "1999.12.27"]
[Round "1.12"]
[White "Lindberg, Bosse"]
[Black "Galkin, Alexander"]
[Result "0-1"]
[WhiteElo "2170"]
[BlackElo "2535"]
[EventDate "1999.12.27"]
[PlyCount "80"]

1.d4 d5 2.c4 e6 3.cxd5 exd5 4.Nc3 c6 5.Nf3 Bd6 6.Qc2 Ne7 7.e4 dxe4 8.Nxe4 
Bg4 9.Bc4 Bxf3 10.gxf3 Bb4+ 11.Kf1 Qd7 12.Rg1 b5 13.Qb3 bxc4 14.Qxb4 Nd5 
15.Qxc4 Qh3+ 16.Ke2 O-O 17.Be3 Qe6 18.Qc5 Rd8 19.Rac1 f5 20.Ng5 Qf6 21.f4 
Rd6 22.Nf3 Nd7 23.Qc2 Nf8 24.Ne5 Ne6 25.Kf3 Ndxf4 26.Bxf4 Nxd4+ 27.Kg2 
Nxc2 28.Rxc2 Re6 29.Nf3 Re4 30.Bg5 Rg4+ 31.Kh1 Qe6 32.h3 Rxg1+ 33.Kxg1 
Qxa2 34.Rxc6 Qxb2 35.Kg2 a5 36.Bf4 Re8 37.Rc7 a4 38.Bd2 Qb6 39.Rd7 Qc6 40.
Ra7 Re6 0-1

[Event "29th Rilton Cup"]
[Site "Stockholm SWE"]
[Date "1999.12.27"]
[Round "1.13"]
[White "Gleizerov, Evgeny"]
[Black "Linqvist, Grels"]
[Result "1-0"]
[WhiteElo "2520"]
[BlackElo "2165"]
[EventDate "1999.12.27"]
[PlyCount "72"]

1.d4 d5 2.c4 c6 3.Nf3 Nf6 4.Nc3 e6 5.g3 Nbd7 6.Bg2 Bd6 7.O-O O-O 8.Qc2 a5 
9.e4 Nxe4 10.Nxe4 dxe4 11.Qxe4 Re8 12.Rd1 Qe7 13.Bf4 Bxf4 14.Qxf4 Nf6 15.
Ne5 Bd7 16.h4 Rec8 17.c5 Nd5 18.Qd2 Rf8 19.b3 f6 20.Nc4 Qd8 21.Re1 Qc7 22.
Re2 Rfe8 23.Rae1 a4 24.bxa4 Rxa4 25.Bxd5 cxd5 26.Nb6 Ra3 27.Nxd5 Qc6 28.
Nb6 Bc8 29.Qb4 Ra6 30.d5 Rxb6 31.cxb6 Qxd5 32.Rd2 Qh5 33.Red1 e5 34.Rd8 
Be6 35.Qb5 Bf7 36.Rxe8+ Bxe8 1-0

[Event "29th Rilton Cup"]
[Site "Stockholm SWE"]
[Date "1999.12.27"]
[Round "1.14"]
[White "Carlsson, Pontus"]
[Black "Hillarp Persson, Tiger"]
[Result "0-1"]
[WhiteElo "2186"]
[BlackElo "2507"]
[EventDate "1999.12.27"]
[PlyCount "96"]

1.e4 g6 2.d4 Bg7 3.Nc3 d6 4.Nf3 a6 5.Be3 b5 6.Bd3 Nd7 7.Qd2 Bb7 8.a4 b4 9.
Ne2 c5 10.c3 Ngf6 11.Bh6 bxc3 12.bxc3 Bxh6 13.Qxh6 cxd4 14.cxd4 Bxe4 15.
Bxe4 Nxe4 16.O-O e6 17.Ng3 Nef6 18.Rfe1 Qe7 19.Rac1 Qf8 20.Qg5 h6 21.Qa5 
Qe7 22.Rc6 O-O 23.Rxa6 Rxa6 24.Qxa6 Rb8 25.Qc6 Rb6 26.Qc8+ Qf8 27.Qc2 Qa8 
28.Qd2 Kg7 29.a5 Ra6 30.Ra1 Nb6 31.Qb4 Nbd5 32.Qd2 Qd8 33.Nf1 Ne7 34.Ne3 
Nc6 35.d5 exd5 36.Nxd5 Nxd5 37.Qxd5 Rxa5 38.Qd1 Rxa1 39.Qxa1+ Qf6 40.Qc1 
Nd4 41.Nxd4 Qxd4 42.g3 d5 43.Qc2 h5 44.h4 Qc4 45.Qd2 d4 46.Qf4 Qd5 47.Kf1 
d3 48.Ke1 Qe6+ 0-1

[Event "29th Rilton Cup"]
[Site "Stockholm SWE"]
[Date "1999.12.27"]
[Round "1.15"]
[White "Hector, Jonny"]
[Black "Evertsson, Lennart"]
[Result "1-0"]
[WhiteElo "2505"]
[BlackElo "2154"]
[EventDate "1999.12.27"]
[PlyCount "63"]

1.e4 c5 2.Nf3 d6 3.d4 cxd4 4.Nxd4 Nf6 5.Nc3 a6 6.Bg5 e6 7.f4 Be7 8.Qf3 Qc7
9.O-O-O O-O 10.g4 Nc6 11.Bh4 Nxd4 12.Rxd4 b5 13.g5 Ne8 14.Rg1 g6 15.Bf2 f6
16.gxf6 Bxf6 17.h4 Be5 18.Ne2 Bxd4 19.Bxd4 e5 20.Bc3 Qb6 21.Bd2 Ng7 22.h5 
Qc6 23.hxg6 h5 24.Qe3 exf4 25.Nxf4 Qc5 26.Qb3+ d5 27.Rh1 Bg4 28.Nxd5 Ne6 
29.Bb4 Rf3 30.Bd3 Qf2 31.Ne7+ Kf8 32.Nf5+ 1-0

[Event "29th Rilton Cup"]
[Site "Stockholm SWE"]
[Date "1999.12.27"]
[Round "1.16"]
[White "Andersson, Fredrik"]
[Black "Cramling, Pia"]
[Result "0-1"]
[WhiteElo "2153"]
[BlackElo "2504"]
[EventDate "1999.12.27"]
[PlyCount "162"]

1.e4 c5 2.Nc3 Nc6 3.f4 e6 4.Nf3 d5 5.Bb5 Ne7 6.Ne5 Bd7 7.Bxc6 Nxc6 8.Nxd7 
Qxd7 9.exd5 exd5 10.O-O O-O-O 11.d3 f5 12.Re1 h6 13.Bd2 Rg8 14.Ne2 g5 15.
c3 g4 16.Qa4 h5 17.b4 h4 18.b5 Nb8 19.Qxa7 Qxb5 20.Rab1 Qa6 21.Qxa6 Nxa6 
22.Nc1 Bd6 23.Nb3 Rge8 24.Kf1 Rxe1+ 25.Rxe1 Kd7 26.Rb1 b6 27.Nc1 Kc6 28.
Ne2 Nc7 29.Be1 Rh8 30.Bd2 Ne6 31.Rb2 b5 32.Ke1 Ra8 33.Kd1 Ra4 34.g3 hxg3 
35.hxg3 Ra8 36.Be3 Rh8 37.Bg1 Rh3 38.Ke1 Rh8 39.Kd1 Be7 40.Rc2 Bf6 41.Ke1 
Ra8 42.Kd1 Ra3 43.Kd2 Ra8 44.Bf2 Bg7 45.Bg1 Rd8 46.Ke1 Rh8 47.Kf1 Rd8 48.
Ke1 Bf6 49.Kd2 Re8 50.Rc1 Ra8 51.Rc2 Kd6 52.Bf2 Ra4 53.Bg1 b4 54.cxb4 Rxb4
55.Kc1 Ra4 56.Kd2 Ra3 57.Bf2 Kc6 58.Bg1 Kb5 59.Bf2 c4 60.dxc4+ dxc4 61.Kc1
c3 62.Kd1 Kc4 63.Nc1 Bd4 64.Nb3 Bxf2 65.Rxf2 Nd4 66.Nxd4 Kxd4 67.Re2 Kd3 
68.Re5 Rxa2 69.Rd5+ Ke4 70.Re5+ Kf3 71.Rxf5 Kxg3 72.Rc5 Kf2 73.f5 g3 74.f6
g2 75.Rf5+ Ke3 76.Re5+ Kf4 77.Re1 Ra1+ 78.Kc2 Rxe1 79.f7 Rc1+ 80.Kxc1 
g1=Q+ 81.Kc2 Qg7 0-1

[Event "29th Rilton Cup"]
[Site "Stockholm SWE"]
[Date "1999.12.27"]
[Round "1.18"]
[White "Azizi, Haroon"]
[Black "Votava, Jan"]
[Result "0-1"]
[WhiteElo "2150"]
[BlackElo "2497"]
[EventDate "1999.12.27"]
[PlyCount "90"]

1.e4 c5 2.Nf3 e6 3.d3 d6 4.g3 Nf6 5.Bg2 Be7 6.Nbd2 O-O 7.O-O Qc7 8.Re1 b6 
9.c3 Bb7 10.Qe2 Nbd7 11.h3 Ne5 12.Nh2 Ba6 13.c4 Nc6 14.Ndf3 Rad8 15.b3 Nd7
16.Bb2 Bf6 17.Rad1 b5 18.Ng4 Bxb2 19.Qxb2 bxc4 20.dxc4 Nde5 21.Ne3 Nxf3+ 
22.Bxf3 Bb7 23.Bg2 a5 24.Qc3 a4 25.Rb1 Ra8 26.Nc2 e5 27.b4 cxb4 28.Nxb4 
Nd4 29.Rbc1 Rfc8 30.Nd3 f5 31.c5 Qf7 32.Qb4 fxe4 33.Bxe4 Nf3+ 34.Kh1 Nxe1 
35.Rxe1 Bxe4+ 36.Qxe4 d5 37.Qg4 e4 38.Ne5 Qf6 39.f4 Rxc5 40.Re2 Rc1+ 41.
Kg2 Re8 42.Nd3 Rc3 43.Nb4 Qd6 44.Qh5 Rd8 45.Nc2 d4 0-1

[Event "29th Rilton Cup"]
[Site "Stockholm SWE"]
[Date "1999.12.27"]
[Round "1.19"]
[White "Brynell, Stellan"]
[Black "Saefholm, Sten"]
[Result "1-0"]
[WhiteElo "2488"]
[BlackElo "2150"]
[EventDate "1999.12.27"]
[PlyCount "65"]

1.e4 c5 2.Nf3 e6 3.c3 d5 4.exd5 Qxd5 5.d4 Nc6 6.Be2 Nf6 7.O-O Be7 8.c4 Qd7
9.dxc5 Bxc5 10.Nc3 b6 11.Bf4 Bb7 12.a3 a5 13.Na4 Qxd1 14.Raxd1 Ne4 15.Bc7 
Ba6 16.Bxb6 Bxb6 17.Nxb6 Rb8 18.Na4 Ke7 19.Nd4 Nxd4 20.Rxd4 f5 21.f3 Nf6 
22.Re1 Rhc8 23.c5 Bxe2 24.Rxe2 Rc6 25.b4 axb4 26.axb4 Nd7 27.Kf2 Nf6 28.
Rb2 Rb5 29.Rc4 Nd7 30.Re2 Rb7 31.Nc3 Ra7 32.Nb5 Rb7 33.Nd4 1-0

[Event "29th Rilton Cup"]
[Site "Stockholm SWE"]
[Date "1999.12.27"]
[Round "1.20"]
[White "Nystroem, Ragnar"]
[Black "Wedberg, Tom"]
[Result "0-1"]
[WhiteElo "2145"]
[BlackElo "2487"]
[EventDate "1999.12.27"]
[PlyCount "42"]

1.e4 c5 2.c3 Nf6 3.e5 Nd5 4.d4 cxd4 5.cxd4 d6 6.Nf3 Nc6 7.Be2 e6 8.exd6 
Bxd6 9.O-O O-O 10.Nc3 Be7 11.Nxd5 exd5 12.Be3 Qb6 13.b3 Bf5 14.Bd3 Bg4 15.
Be2 Rfd8 16.Qd3 g6 17.Rad1 Rac8 18.Ne5 Nb4 19.Qb5 Qxb5 20.Bxb5 Bxd1 21.
Rxd1 Nxa2 0-1

[Event "29th Rilton Cup"]
[Site "Stockholm SWE"]
[Date "1999.12.27"]
[Round "1.21"]
[White "Meijers, Viesturs"]
[Black "Jensen, Leif Haugaard"]
[Result "1-0"]
[WhiteElo "2472"]
[BlackElo "2125"]
[EventDate "1999.12.27"]
[PlyCount "77"]

1.e4 e6 2.Nf3 d5 3.exd5 exd5 4.d4 Nf6 5.Bd3 Bd6 6.O-O O-O 7.Bg5 Bg4 8.Nbd2
c6 9.c4 dxc4 10.Nxc4 Be7 11.Nce5 Be6 12.Re1 Nd5 13.Bd2 h6 14.a3 Nd7 15.Rc1
Nxe5 16.dxe5 Qd7 17.Qe2 Bf5 18.Bxf5 Qxf5 19.Nd4 Qd7 20.Qf3 Nc7 21.Be3 Ne6 
22.Nf5 Bg5 23.Bxg5 hxg5 24.Rcd1 Qc7 25.Rd6 Rad8 26.Red1 g6 27.Nh6+ Kg7 28.
Ng4 Qe7 29.g3 Rxd6 30.exd6 Qd8 31.Qc3+ f6 32.Qe3 Qd7 33.Qxa7 Nf4 34.Ne3 
Nh3+ 35.Kf1 Re8 36.Rd3 Re4 37.Rb3 Qxd6 38.Rxb7+ Kh6 39.Rh7# 1-0

[Event "29th Rilton Cup"]
[Site "Stockholm SWE"]
[Date "1999.12.27"]
[Round "1.22"]
[White "Jiretorn, Eva"]
[Black "Bellon Lopez, Juan Manuel"]
[Result "0-1"]
[WhiteElo "2116"]
[BlackElo "2463"]
[EventDate "1999.12.27"]
[PlyCount "98"]

1.d4 Nf6 2.c4 c5 3.dxc5 e6 4.Be3 Ng4 5.Bd4 Nc6 6.e3 f5 7.Be2 e5 8.Bc3 Bxc5
9.Bxg4 fxg4 10.Qxg4 O-O 11.Qe2 d5 12.cxd5 Qxd5 13.Nf3 Bg4 14.e4 Qf7 15.
Nbd2 Nd4 16.Bxd4 Bxd4 17.O-O Bxb2 18.Rab1 Bc3 19.Rb3 Rac8 20.Qe3 Bxd2 21.
Qxd2 Bxf3 22.Rxf3 Qc4 23.Rxf8+ Rxf8 24.f3 Rc8 25.Rd1 h6 26.h3 Rc6 27.Kh2 
Kh7 28.Qd7 Rg6 29.Rd2 Qb4 30.Qd3 Rc6 31.Qd7 Rg6 32.Qd3 Qf8 33.Qe3 Ra6 34.
Qc3 Qf4+ 35.Kg1 Rc6 36.Qb2 Rb6 37.Qc2 a5 38.Re2 Qg3 39.Rf2 a4 40.Qd3 Rb4 
41.Qc3 Rd4 42.Qe3 b5 43.Rd2 Rb4 44.Qe2 a3 45.Qd3 Qe1+ 46.Kh2 Rd4 47.Re2 
Rxd3 48.Rxe1 Rd2 49.Re3 b4 0-1

[Event "29th Rilton Cup"]
[Site "Stockholm SWE"]
[Date "1999.12.27"]
[Round "1.23"]
[White "Rivas Pastor, Manuel"]
[Black "Ohlzon, Nils-Johan"]
[Result "1-0"]
[WhiteElo "2450"]
[BlackElo "2114"]
[EventDate "1999.12.27"]
[PlyCount "76"]

1.g3 d5 2.Bg2 e5 3.c4 c6 4.cxd5 cxd5 5.Nf3 Nc6 6.O-O Bd6 7.d3 Nge7 8.e4 d4
9.Nbd2 O-O 10.Nh4 g5 11.Nhf3 Ng6 12.Nc4 Be7 13.Bd2 Be6 14.a4 h6 15.a5 Qd7 
16.Ne1 Kg7 17.Qa4 h5 18.b4 b5 19.Qxb5 Rab8 20.Qa4 Nxb4 21.Qxd7 Bxd7 22.Rb1
Be6 23.Bxb4 Bxb4 24.Nc2 Bc3 25.N2a3 f6 26.a6 Ne7 27.Nb5 Bxc4 28.dxc4 Rb6 
29.Nc7 Rfb8 30.Rb5 Rxb5 31.cxb5 Ba5 32.Rc1 Bxc7 33.Rxc7 Kf8 34.Rb7 Rd8 35.
Rxa7 d3 36.Bf3 d2 37.Bd1 Rc8 38.Kf1 Rc1 1-0

[Event "29th Rilton Cup"]
[Site "Stockholm SWE"]
[Date "1999.12.27"]
[Round "1.24"]
[White "Norqvist, Jorgen"]
[Black "Socko, Monika"]
[Result "0-1"]
[WhiteElo "2113"]
[BlackElo "2438"]
[EventDate "1999.12.27"]
[PlyCount "81"]

1.e4 e6 2.d4 d5 3.Nc3 Bb4 4.a3 Bxc3+ 5.bxc3 dxe4 6.f3 e5 7.Bc4 exd4 8.cxd4
Nc6 9.Bb2 Qg5 10.Qe2 Nf6 11.fxe4 Qa5+ 12.Kf1 Qb6 13.c3 O-O 14.e5 Ng4 15.
Nf3 Ne7 16.Bc1 Nf5 17.Kg1 Bd7 18.Bd3 f6 19.Rb1 Qa5 20.e6 Rfe8 21.Qc2 Ba4 
22.Qb2 Nge3 23.Qb4 Qxb4 24.Rxb4 Bc6 25.Bb5 Rxe6 26.Bxc6 Rxc6 27.g4 Nxg4 
28.Bd2 Nge3 29.Rxb7 Nc4 30.Bf4 Nxa3 31.Kf2 Rxc3 32.Ra1 Nc2 33.Rc1 g5 34.
Bd2 Rc4 35.Rb2 Na3 36.Ra1 Rc2 37.Rxc2 Nxc2 38.Rc1 Ncxd4 39.Nxd4 Nxd4 40.
Rxc7 a5 41.Bc3 0-1

[Event "29th Rilton Cup"]
[Site "Stockholm SWE"]
[Date "1999.12.27"]
[Round "1.25"]
[White "Bator, Robert"]
[Black "Ask, Josef"]
[Result "1/2-1/2"]
[WhiteElo "2431"]
[BlackElo "2103"]
[EventDate "1999.12.27"]
[PlyCount "101"]

1.d4 Nf6 2.Nf3 g6 3.g3 Bg7 4.Bg2 O-O 5.c4 d6 6.O-O Nbd7 7.Nc3 e5 8.e4 c6 
9.h3 Qa5 10.Rb1 exd4 11.Nxd4 Ne5 12.b4 Qa6 13.b5 Qa5 14.Qb3 Nfd7 15.Rd1 
Nc5 16.Qc2 Nxc4 17.bxc6 bxc6 18.Nce2 Na3 19.Nxc6 Nxc2 20.Nxa5 Ba6 21.Nf4 
Rab8 22.Bd2 Nd3 23.Rxb8 Rxb8 24.Nxd3 Bxd3 25.Bf4 Be2 26.Rxd6 Rb1+ 27.Kh2 
h5 28.Nb3 Ne1 29.Nd2 Ra1 30.Bh1 Bc3 31.Nb3 Rxa2 32.Rd8+ Kh7 33.Nc1 Rc2 34.
Nxe2 Rxe2 35.Be3 a5 36.Rd7 Kg7 37.Rc7 Bf6 38.Ra7 Nc2 39.Bf3 Re1 40.Bd2 Nd4
41.Kg2 Rg1+ 42.Kxg1 Nxf3+ 43.Kg2 Nxd2 44.Rxa5 Nxe4 45.Ra4 Nc5 46.Ra5 Ne6 
47.h4 Be7 48.Ra7 Bc5 49.Ra5 Kf6 50.Rb5 Kf5 51.Rb7 1/2-1/2

[Event "29th Rilton Cup"]
[Site "Stockholm SWE"]
[Date "1999.12.28"]
[Round "2.1"]
[White "Radziewicz, Iweta"]
[Black "Yakovich, Yury"]
[Result "1-0"]
[WhiteElo "2395"]
[BlackElo "2592"]
[EventDate "1999.12.27"]
[PlyCount "55"]

1.Nf3 e6 2.d4 c5 3.c4 cxd4 4.Nxd4 Nf6 5.Nc3 a6 6.a3 b6 7.e4 d6 8.Be2 Bb7 
9.f3 Be7 10.Qa4+ Nfd7 11.Be3 O-O 12.O-O Qc7 13.Rfc1 Ne5 14.Qd1 Nbd7 15.f4 
Ng6 16.f5 exf5 17.Nxf5 Nc5 18.Nd5 Bxd5 19.cxd5 a5 20.Bd4 Bf6 21.Bxf6 gxf6 
22.Qd2 Kh8 23.Qh6 Rg8 24.Rc3 Qd8 25.Qxh7+ Kxh7 26.Rh3+ Nh4 27.Rxh4+ Kg6 
28.Rh6+ 1-0

[Event "29th Rilton Cup"]
[Site "Stockholm SWE"]
[Date "1999.12.28"]
[Round "2.2"]
[White "Westerinen, Heikki"]
[Black "Ulybin, Mikhail"]
[Result "1/2-1/2"]
[WhiteElo "2382"]
[BlackElo "2569"]
[EventDate "1999.12.27"]
[PlyCount "141"]

1.e4 c5 2.Nf3 e6 3.g3 Nc6 4.Bg2 Nf6 5.d3 g6 6.O-O Bg7 7.c3 O-O 8.a4 e5 9.
Na3 d5 10.exd5 Nxd5 11.Ng5 h6 12.Ne4 b6 13.Nc4 Be6 14.f4 exf4 15.Bxf4 Nxf4
16.Rxf4 Ne5 17.Ned6 Rb8 18.Qe2 Nxc4 19.Nxc4 Qc7 20.Ne3 Rbd8 21.Ng4 Rfe8 
22.Re4 Qd7 23.Nf2 f5 24.Re3 Bf7 25.a5 Rxe3 26.Qxe3 Re8 27.Qd2 b5 28.Re1 
Rxe1+ 29.Qxe1 Qd8 30.a6 Qd6 31.Bb7 b4 32.Qd2 Kh7 33.Qe1 Qe5 34.Qxe5 Bxe5 
35.Nd1 Bb3 36.Bf3 Kg7 37.Kf2 Kf6 38.Ke3 Ke6 39.Kd2 Kd7 40.Ne3 Ba4 41.Nc4 
Bc7 42.Ke3 bxc3 43.bxc3 g5 44.Bb7 h5 45.d4 Bb5 46.Nd2 f4+ 47.Kf2 cxd4 48.
cxd4 Ke6 49.Bc8+ Ke7 50.Bb7 g4 51.Bc8 Bc6 52.gxf4 Bxf4 53.Nf1 Bb5 54.Ng3 
h4 55.Nf1 Bd7 56.Bxd7 Kxd7 57.Ne3 Bxh2 58.Nxg4 Bg3+ 59.Kg2 Kc6 60.Ne5+ Kd5
61.Ng6 Ke6 62.Kh3 Bf2 63.d5+ Kd6 64.Nxh4 Kxd5 65.Nf5 Bc5 66.Kg4 Kc6 67.Kf3
Kb5 68.Ke4 Kxa6 69.Nd4 Kb6 70.Kd3 a5 71.Nb3 1/2-1/2

[Event "29th Rilton Cup"]
[Site "Stockholm SWE"]
[Date "1999.12.28"]
[Round "2.3"]
[White "Volzhin, Alexander"]
[Black "Taimanov, Mark"]
[Result "1-0"]
[WhiteElo "2562"]
[BlackElo "2407"]
[EventDate "1999.12.27"]
[PlyCount "76"]

1.d4 Nf6 2.c4 e6 3.Nc3 Bb4 4.Qc2 c5 5.dxc5 O-O 6.a3 Bxc5 7.Nf3 b6 8.Bg5 
Bb7 9.e4 Be7 10.Rd1 h6 11.Bh4 Nh5 12.Bxe7 Qxe7 13.Qd2 d5 14.e5 dxc4 15.Be2
Nc6 16.Qe3 f5 17.Bxc4 Na5 18.Ba2 Rac8 19.O-O Nc4 20.Bxc4 Rxc4 21.Nd4 a6 
22.f3 g5 23.Nb3 Rc6 24.Rd4 Nf4 25.Rfd1 Rc7 26.Rd6 Bd5 27.Nd4 b5 28.Nxd5 
Nxd5 29.Qd2 Rd7 30.Rxe6 Qc5 31.b4 Qa7 32.Kh1 Nf4 33.Rd6 Rxd6 34.exd6 Qd7 
35.Nc6 Ne6 36.Ne5 Qb7 37.Qa2 Rf6 38.d7 Kg7 1-0

[Event "29th Rilton Cup"]
[Site "Stockholm SWE"]
[Date "1999.12.28"]
[Round "2.4"]
[White "Handke, Florian"]
[Black "Agrest, Evgenij"]
[Result "1-0"]
[WhiteElo "2361"]
[BlackElo "2554"]
[EventDate "1999.12.27"]
[PlyCount "81"]

1.d4 d6 2.e4 Nf6 3.Bd3 e5 4.c3 d5 5.dxe5 Nxe4 6.Nf3 Nc6 7.Nbd2 Nc5 8.Bb1 
g6 9.b4 Ne6 10.O-O Bg7 11.Re1 O-O 12.b5 Ne7 13.a4 c5 14.c4 f6 15.cxd5 Nxd5
16.Bb2 fxe5 17.Bxe5 Nb4 18.Qb3 Kh8 19.Qc3 Qd7 20.Be4 Bxe5 21.Nxe5 Qd4 22.
Qxd4 cxd4 23.a5 Ng5 24.Bb1 Nd5 25.Bxg6 Nc3 26.h4 Ne6 27.Bd3 Nc7 28.Ndf3 
N7xb5 29.Ng5 Kg7 30.Ng6 Bf5 31.Nxf8 Bxd3 32.Nfe6+ Kg8 33.Nf4 Bc4 34.Re7 h6
35.Ne4 Rf8 36.Ng6 Nxe4 37.Nxf8 Ned6 38.Ng6 d3 39.Ne5 d2 40.Rd1 Bb3 41.Rxd2
1-0

[Event "29th Rilton Cup"]
[Site "Stockholm SWE"]
[Date "1999.12.28"]
[Round "2.6"]
[White "Berg, Emanuel"]
[Black "Socko, Bartosz"]
[Result "1-0"]
[WhiteElo "2348"]
[BlackElo "2543"]
[EventDate "1999.12.27"]
[PlyCount "73"]

1.e4 e5 2.Nf3 Nc6 3.d4 exd4 4.Nxd4 Bc5 5.Be3 Nxd4 6.Bxd4 Bxd4 7.Qxd4 Qf6 
8.c3 d6 9.Na3 a6 10.Nc4 Qxd4 11.cxd4 Ne7 12.Rc1 Be6 13.d5 Bd7 14.Na5 O-O-O
15.Rc3 Rde8 16.Kd2 Kb8 17.Bd3 c5 18.b4 b6 19.bxc5 dxc5 20.Rb1 Ka7 21.Rxc5 
Rc8 22.Rxc8 Nxc8 23.Rc1 Kb8 24.Nc4 f6 25.Ke3 Kb7 26.f4 Bb5 27.e5 Bxc4 28.
Rxc4 b5 29.Rc6 Ne7 30.Rd6 Kc7 31.Kd4 Ra8 32.Kc5 fxe5 33.fxe5 Rc8 34.Rxa6 
Kb7+ 35.Kxb5 Rc3 36.Be4 Re3 37.Ra4 1-0

[Event "29th Rilton Cup"]
[Site "Stockholm SWE"]
[Date "1999.12.28"]
[Round "2.7"]
[White "Macieja, Bartlomiej"]
[Black "Kallio, Heikki"]
[Result "0-1"]
[WhiteElo "2542"]
[BlackElo "2360"]
[EventDate "1999.12.27"]
[PlyCount "120"]

1.e4 e5 2.Nf3 Nc6 3.d4 exd4 4.Nxd4 Nf6 5.Nxc6 bxc6 6.e5 Qe7 7.Qe2 Nd5 8.c4
Ba6 9.b3 g5 10.g3 Bg7 11.Bb2 O-O-O 12.Nd2 Nb4 13.Nf3 Rhe8 14.a3 g4 15.Nh4 
Bxe5 16.O-O-O Na2+ 17.Kc2 Qf6 18.Bxe5 Rxe5 19.Qd2 Rde8 20.Kb1 Re2 21.Qxd7+
Kb7 22.Bxe2 Rxe2 23.Rd2 Qxf2 24.Kc2 Qe3 25.Rb1 Nc3 26.Rxe2 Nxe2 27.Nf5 
Qe4+ 28.Qd3 Qxf5 29.Qxf5 Nd4+ 30.Kc3 Nxf5 31.Rf1 Nd6 32.Rf4 f5 33.Kd4 c5+ 
34.Kxc5 Kb8 35.Kd5 Bb7+ 36.Ke5 Be4 37.a4 Nb7 38.b4 a5 39.bxa5 Nxa5 40.Kd4 
Nb3+ 41.Kc3 Nc5 42.a5 Ka7 43.Rf2 Ka6 44.Ra2 Nd3 45.Ra1 c5 46.Ra2 h5 47.Ra1
Ne5 48.Ra2 Nf3 49.Kb3 h4 50.gxh4 Nxh4 51.Kb2 Nf3 52.Kc3 Bc6 53.Kd3 Ne5+ 
54.Kc3 f4 55.Re2 f3 56.Ra2 g3 57.hxg3 Ng4 58.Ra1 f2 59.Kd2 Nh2 60.Ke2 
f1=Q+ 0-1